Carter undone

Gespeichert in:
Bibliographische Detailangaben
Format: Buch
Sprache:English
Tags: Tag hinzufügen
Keine Tags, Fügen Sie den ersten Tag hinzu!

MARC

LEADER 00000nam a22000007a 4500
003 cru CIDCACS/IIS
005 20200925161211.0
007 ta
008 170209t1991 nyu||||| |||| 00| 0 eng d
040 |c CRAI/IIS  |a CRAI/IIS 
245 0 |a Carter undone 
300 |a páginas 174-191 
773 0 |0 18856  |9 249  |a Sick, Gary  |d New York: Times Books, Random House, 1991  |o 06822  |t October surprise:  |z 0812919890 
942 |2 ddc  |c LI 
999 |c 18859  |d 18859